Statistics for Cities Most At Risk From Flooding

Click here to take the quiz!

General Stats

  • This quiz has been taken 248 times
    (195 since last reset)
  • The average score is 12 of 20

Answer Stats

Total DamageCountryCity% Correct
672United StatesMiami
91%
628United StatesNew York City
89%
284IndiaMumbai
80%
73IndonesiaJakarta
78%
120JapanOsaka
77%
507United StatesNew Orleans
76%
237United StatesBoston
72%
107CanadaVancouver
71%
104VietnamHo Chi Minh City
68%
687ChinaGuangzhou
63%
76United StatesBaltimore
61%
244United StatesTampa
57%
99IndiaKolkata
54%
260JapanNagoya
50%
89United StatesPhiladelphia
48%
98EcuadorGuayaquil
44%
104ChinaTianjin
39%
169ChinaShenzhen
36%
82JapanFukuoka
29%
89United StatesVirginia Beach
27%

Score Distribution

Percentile by Number Answered

Percent of People with Each Score

Your Score History

You have not taken this quiz since the last reset